Desarrollo de un suavizador de agua sanitaria en la empresa ingeniería solar aplicada de Puebla S.A. de C.V. / (Record no. 220786)
[ view plain ]
| 000 -CABECERA | |
|---|---|
| campo de control de longitud fija | 03214nam a2200337 a 4500 |
| 003 - IDENTIFICADOR DEL NÚMERO DE CONTROL | |
| campo de control | OSt |
| 005 - FECHA Y HORA DE LA ÚLTIMA TRANSACCIÓN | |
| campo de control | 20250815145136.0 |
| 007 - CAMPO FIJO DE DESCRIPCIÓN FÍSICA--INFORMACIÓN GENERAL | |
| campo de control de longitud fija | cr ||||||a|a|a |
| 008 - DATOS DE LONGITUD FIJA--INFORMACIÓN GENERAL | |
| campo de control de longitud fija | 250808s2025 mx a|||fom||| 001 0 spa d |
| 040 ## - FUENTE DE LA CATALOGACIÓN | |
| Normas de descripción | rda |
| 100 1# - ENTRADA PRINCIPAL--NOMBRE DE PERSONA | |
| Nombre de persona | Pérez Martínez, Francisco |
| 9 (RLIN) | 190833 |
| 245 10 - MENCIÓN DE TÍTULO | |
| Título | Desarrollo de un suavizador de agua sanitaria en la empresa ingeniería solar aplicada de Puebla S.A. de C.V. / |
| Mención de responsabilidad, etc. | por Francisco Pérez Martínez; director de tesis Luis Tonatiuh Castellanos Serrano; secretario Master Maía Victoria Gómez Aguila; vocal Bonifacio Gaona Ponce; suplente Omar Reséndiz Cantero; suplente Marco Antonio Rojas Marínez. |
| 264 #1 - PRODUCCIÓN, PUBLICACIÓN, DISTRIBUCIÓN, FABRICACIÓN Y COPYRIGHT | |
| Producción, publicación, distribución, fabricación y copyright | Chapingo, México : |
| Nombre del de productor, editor, distribuidor, fabricante | El autor, |
| Fecha de producción, publicación, distribución, fabricación o copyright | 2024. |
| 300 ## - DESCRIPCIÓN FÍSICA | |
| Extensión | 1 recurso en línea (87 páginas): |
| Otras características físicas | cuadros, figuras. |
| 336 ## - TIPO DE CONTENIDO | |
| Fuente | rdacontent |
| Término de tipo de contenido | texto |
| Código de tipo de contenido | txt |
| 337 ## - TIPO DE MEDIO | |
| Fuente | rdamedia |
| Nombre/término del tipo de medio | computadora |
| Código del tipo de medio | c |
| 338 ## - TIPO DE SOPORTE | |
| Fuente | rdacarrier |
| Nombre/término del tipo de soporte | recurso en línea |
| Código del tipo de soporte | cr |
| 502 ## - NOTA DE TESIS | |
| Tipo de título | Ingeniería Mecatrónica Agrícola |
| Nombre de la institución que otorga el título | Departamento de Ingeniería Mecánica Agrícola, |
| Año de obtención del título | 2024. |
| Información miscelánea | Licenciatura |
| 504 ## - NOTA DE BIBLIOGRAFÍA, ETC. | |
| Nota de bibliografía, etc. | Incluye referencias bibliográficas: páginas 69-71. |
| 520 ## - SUMARIO, ETC. | |
| Sumario, etc. | En el presente trabajo se realizó la propuesta de un diseño funcional de un suavizador ablandador de agua aplicando principios de electromagnetismo mediante inductores colocados alrededor de las tuberías de redes hidráulicas de viviendas y residencias, reduciéndose la formación de cristales ocasionados por los niveles de concentración de carbonato de calcio y carbonato de magnesio, causantes de dureza carbonatada que tiende a ocasionar el fallo en las redes hidráulicas debido a la acumulación de sulfatos de magnesio y calcio, el agua clasificada como dura, tiene la característica de requerir mayores cantidades de jabón para generar espuma, y al ser sometida a un cambio de temperatura y acumulación tiende a formar costras, y lo que coloquialmente se conoce como sarro, actualmente existe una gran variedad de productos que disminuyen los niveles de carbonatos mediante tratamientos químicos, encargados de alterar la composición química del agua, en ocasiones alterando propiedades organolépticas del agua, en este trabajo se aborda el diseño de un suavizador que mediante pulsos electromagnéticos, controlados por una unidad de control que modula y regula la energía que se inducirá en las bobinas de salida, aplicándose leyes fundamentales de electromagnetismo como son las leyes de Ampere, de Faraday, Maxwell, para conocerse las características de los inductores, realizándose cálculos pertinentes necesarios para describir de forma detallada el comportamiento de las bobinas, realizándose arreglos de dirección del campo magnético en función de la regla de la mano derecha. |
| 650 #4 - PUNTO DE ACCESO ADICIONAL DE MATERIA--TÉRMINO DE MATERIA | |
| Término de materia o nombre geográfico como elemento de entrada | Agua |
| Subdivisión general | Bioquímica |
| 9 (RLIN) | 150394 |
| 650 #4 - PUNTO DE ACCESO ADICIONAL DE MATERIA--TÉRMINO DE MATERIA | |
| Término de materia o nombre geográfico como elemento de entrada | Agua |
| Subdivisión general | Desalación |
| 9 (RLIN) | 2365 |
| 650 #4 - PUNTO DE ACCESO ADICIONAL DE MATERIA--TÉRMINO DE MATERIA | |
| Término de materia o nombre geográfico como elemento de entrada | Agua |
| Subdivisión general | Calidad |
| 9 (RLIN) | 2316 |
| 700 1# - PUNTO DE ACCESO ADICIONAL--NOMBRE DE PERSONA | |
| Nombre de persona | Castellanos Serrano, Luis Tonatiuh |
| 9 (RLIN) | 190723 |
| Código de función/relación | director. |
| 700 1# - PUNTO DE ACCESO ADICIONAL--NOMBRE DE PERSONA | |
| Nombre de persona | Gómez Águila, María Victoria |
| 9 (RLIN) | 185726 |
| Término indicativo de función/relación | secretario. |
| 700 1# - PUNTO DE ACCESO ADICIONAL--NOMBRE DE PERSONA | |
| Nombre de persona | Gaona Ponce, Bonifacio |
| 9 (RLIN) | 45572 |
| Término indicativo de función/relación | vocal. |
| 700 1# - PUNTO DE ACCESO ADICIONAL--NOMBRE DE PERSONA | |
| Nombre de persona | Reséndiz Cantera, Omar |
| 9 (RLIN) | 96132 |
| Término indicativo de función/relación | suplente. |
| 700 1# - PUNTO DE ACCESO ADICIONAL--NOMBRE DE PERSONA | |
| Nombre de persona | Rojas Martínez, Marco Antonio |
| Término indicativo de función/relación | suplente. |
| 9 (RLIN) | 99340 |
| 856 ## - LOCALIZACIÓN Y ACCESO ELECTRÓNICOS | |
| Identificador Uniforme del Recurso | http://10.13.5.2/tesis/tl/1611899-6_PEREZ_MARTINEZ_FRANCISCO.pdf |
| Nota pública | DESCARGAR PDF |
| 942 ## - ELEMENTOS DE PUNTO DE ACCESO ADICIONAL (KOHA) | |
| Fuente del sistema de clasificación o colocación | Clasificación Universidad Autónoma Chapingo |
| Tipo de ítem Koha | Tesis digital |
| Estado de retiro | Estado de pérdida | Fuente del sistema de clasificación o colocación | Estado dañado | Restricciones de uso | No para préstamo | Código de colección | Localización permanente | Ubicación/localización actual | Ubicación en estantería | Fecha de adquisición | Total de préstamos | Signatura topográfica completa | Fecha visto por última vez | Precio válido a partir de | Tipo de ítem Koha |
|---|---|---|---|---|---|---|---|---|---|---|---|---|---|---|---|
| Clasificación Universidad Autónoma de Chapingo | Préstamo interno | Tesis digitales de Licenciatura | Biblioteca Digital | Biblioteca Digital | En línea | 08/08/2025 | Tesis digital | 08/08/2025 | 08/08/2025 | Tesis digital |
